000 01178nam a22001937a 4500
999 _c59373
_d59373
003 Ge_BSU
005 20230201110218.0
008 230201s2008 ge ||||| |||| 00| 0 geo d
020 _a 9992881895
041 _ageo
080 _a342.7+ 341.231.14 ა-26
245 _aადამიანის უფლებათა დაცვა ეროვნულ და საერთაშორისო სამართალში=Protection of human rights in national and international law :
_b(სტატიათა კრებული) /
_c[რედ.: კონსტანტინე კორკელია].
264 _aთბილისი :
_b საია,
_c2002.
300 _a284გვ. ;
_b20სმ.
653 _aადამიანთა უფლებების დაცვა ეროვნულ სამართალში
653 _aადამიანის ძირითადი უფლებების დაცვა საერთაშორისო სამართალში
700 _aკორკელია, კონსტანტინე
_eრედაქტორი
_9539
942 _2udc
_cBK